[Event "Titled Tue 3rd Jan Late"]
[Site "chess.com INT"]
[Date "2025.06.03"]
[Round "4"]
[White "Gharibyan, Mamikon"]
[Black "Carnicelli, Valerio"]
[Result "1-0"]
[WhiteTitle "GM"]
[BlackTitle "FM"]
[WhiteElo "2472"]
[BlackElo "2396"]
[WhiteFideId "13308300"]
[BlackFideId "856185"]
[EventDate "2025.06.03"]

1. d4 Nf6 2. c4 d6 3. Nc3 e5 4. Nf3 Nc6 5. d5 Ne7 6. e4 Ng6 7. g3 Be7 8. h4 Bg4
9. Be2 O-O 10. Nh2 Bxe2 11. Qxe2 Nd7 12. h5 Nh8 13. Ng4 f5 14. exf5 Rxf5 15. Bd2
Bg5 16. f4 exf4 17. gxf4 Bh4+ 18. Kd1 Qe7 19. Qxe7 Bxe7 20. Ne4 h6 21. Kc2 Raf8
22. Rae1 Nf7 23. Ng3 1-0

[Event "Titled Tue 3rd Jan Late"]
[Site "chess.com INT"]
[Date "2025.06.03"]
[Round "4"]
[White "Yazici, Ugur Doga"]
[Black "Wu, Derek"]
[Result "0-1"]
[WhiteTitle "CM"]
[BlackTitle "FM"]
[WhiteElo "2161"]
[BlackElo "2232"]
[WhiteFideId "6363342"]
[BlackFideId "30914558"]
[EventDate "2025.06.03"]

1. d4 Nf6 2. Nf3 e6 3. g3 d5 4. Bg2 Be7 5. O-O O-O 6. c4 dxc4 7. Qc2 b5 8. a4 b4
9. Nfd2 c6 10. Nxc4 Ba6 11. Rd1 Nbd7 12. e4 Rc8 13. Bf4 Nb6 14. b3 Nxc4 15. bxc4
c5 16. d5 exd5 17. exd5 Bd6 18. Bxd6 Qxd6 19. Nd2 Rfe8 20. Re1 h6 21. Qd3 Re5
22. Nf3 Rxd5 23. Qc2 Rd3 24. Ne5 Rd2 25. Qb3 Qd4 26. Re3 Qxa1+ 0-1

[Event "Titled Tue 3rd Jan Late"]
[Site "chess.com INT"]
[Date "2025.06.03"]
[Round "4"]
[White "Chen, Yidong"]
[Black "Thorhallsson, Simon"]
[Result "0-1"]
[BlackTitle "FM"]
[WhiteElo "2038"]
[BlackElo "2218"]
[WhiteFideId "8607028"]
[BlackFideId "2310090"]
[EventDate "2025.06.03"]

1. e4 g6 2. d4 Bg7 3. Nc3 d6 4. Be3 a6 5. Qd2 b5 6. Bd3 Nc6 7. Nf3 Bg4 8. Be2
Bxf3 9. Bxf3 e5 10. Ne2 Nf6 11. c3 O-O 12. h3 Re8 13. Ng3 d5 14. exd5 Nxd5 15.
Bxd5 Qxd5 16. O-O exd4 17. cxd4 Nxd4 18. Bxd4 Bxd4 19. Rab1 c5 20. b3 Rad8 21.
Qf4 Qe5 22. Qg4 h5 23. Qf3 h4 24. Nh1 Rd6 25. Rfe1 Qxe1+ 26. Rxe1 Rxe1+ 27. Kh2
Be5+ 28. g3 Rdd1 29. Qa8+ Kg7 0-1

[Event "Titled Tue 3rd Jan Late"]
[Site "chess.com INT"]
[Date "2025.06.03"]
[Round "4"]
[White "Danzer, George"]
[Black "Hiwale, Ronak"]
[Result "0-1"]
[WhiteTitle "CM"]
[WhiteElo "2172"]
[BlackElo "2105"]
[WhiteFideId "4659465"]
[BlackFideId "30975336"]
[EventDate "2025.06.03"]

1. e4 g6 2. d4 Bg7 3. Nc3 d6 4. Be3 a6 5. Qd2 b5 6. h4 h5 7. Nf3 Bb7 8. Ng5 Nf6
9. f3 Nbd7 10. O-O-O Rc8 11. Kb1 c5 12. dxc5 Nxc5 13. Bd4 e5 14. Be3 O-O 15. Be2
b4 16. Nd5 Bxd5 17. exd5 e4 18. g4 exf3 19. Bxf3 hxg4 20. Bg2 Na4 21. Bd4 Rc4
22. Qf2 Rxd4 23. Rxd4 Nh5 24. Rf1 Qb6 25. Rf4 Nxf4 26. Qxf4 Nxb2 0-1

[Event "Titled Tue 3rd Jan Late"]
[Site "chess.com INT"]
[Date "2025.06.03"]
[Round "4"]
[White "Goryachkina, Aleksandra"]
[Black "Tikhonov, Viacheslav"]
[Result "1-0"]
[WhiteTitle "GM"]
[BlackTitle "CM"]
[WhiteElo "2544"]
[BlackElo "2183"]
[WhiteFideId "4147103"]
[BlackFideId "44196407"]
[EventDate "2025.06.03"]

1. e4 c5 2. Nf3 Nc6 3. Bb5 Nd4 4. Nxd4 cxd4 5. O-O a6 6. Bc4 e6 7. c3 Bc5 8.
cxd4 Bxd4 9. Nc3 Ne7 10. Ne2 Nc6 11. Nxd4 Nxd4 12. b3 b5 13. Bd3 O-O 14. Bb2 e5
15. Bxd4 exd4 16. e5 g6 17. Qf3 Rb8 18. Qf4 Qb6 19. h4 h5 20. Qg3 Bb7 21. f4
Rbe8 22. f5 Qc5 23. fxg6 f6 24. exf6 1-0

[Event "Titled Tue 3rd Jan Late"]
[Site "chess.com INT"]
[Date "2025.06.03"]
[Round "4"]
[White "Vazelakis, Dimitrios"]
[Black "Tripodi, Enzo"]
[Result "1-0"]
[WhiteElo "1857"]
[BlackElo "2215"]
[WhiteFideId "4203674"]
[BlackFideId "2822674"]
[EventDate "2025.06.03"]

1. d4 d5 2. Nc3 c6 3. Bf4 Nd7 4. e3 Ngf6 5. Bd3 e6 6. Nf3 Be7 7. Ne5 O-O 8. h4
h6 9. g4 c5 10. g5 Ne4 11. gxh6 g6 12. Nxe4 dxe4 13. Bxe4 Nxe5 14. Bxe5 Bf6 15.
h7+ Kg7 16. Qf3 Rh8 17. O-O-O c4 18. h5 Rxh7 19. hxg6 Rxh1 20. Rxh1 fxg6 21. Qg4
g5 22. Qh5 Bxe5 23. Qg6+ Kf8 24. dxe5 Ke7 25. Qxg5+ Kd7 26. Rh7+ Ke8 27. Qg8# 1-0

[Event "Titled Tue 3rd Jan Late"]
[Site "chess.com INT"]
[Date "2025.06.03"]
[Round "4"]
[White "Tan, Zhongyi"]
[Black "Montiel, Angel Nathanael"]
[Result "1-0"]
[WhiteTitle "GM"]
[BlackTitle "CM"]
[WhiteElo "2536"]
[BlackElo "2011"]
[WhiteFideId "8603642"]
[BlackFideId "3706923"]
[EventDate "2025.06.03"]

1. e4 c5 2. Nf3 d6 3. d4 cxd4 4. Nxd4 Nf6 5. Nc3 a6 6. Be3 g6 7. f3 Bg7 8. Qd2
Nc6 9. O-O-O Nxd4 10. Bxd4 Be6 11. Kb1 Qa5 12. g4 O-O 13. Bxf6 Bxf6 14. Nd5 Qxd2
15. Nxf6+ exf6 16. Rxd2 Rfd8 17. Be2 d5 18. Rhd1 d4 19. Rxd4 Rxd4 20. Rxd4 f5
21. exf5 gxf5 22. b3 Kg7 23. a4 Kf6 24. Kb2 Kg5 25. h4+ Kf6 26. Rb4 Bd5 27. g5+
Kg6 28. Rb6+ Kg7 29. f4 Bc6 30. Bd3 Kg6 31. Be2 Re8 32. h5+ Kg7 33. Bd3 Be4 34.
h6+ Kf8 35. Bc4 Bc6 36. Bxa6 Re4 37. Bxb7 Bxb7 38. Rxb7 Rxf4 39. a5 Rd4 40. a6 1-0

[Event "Titled Tue 3rd Jan Late"]
[Site "chess.com INT"]
[Date "2025.06.03"]
[Round "4"]
[White "Fernandes, Rogerio Paulo Muller"]
[Black "Fedoryshyn, Ievgenii"]
[Result "1-0"]
[BlackTitle "FM"]
[WhiteElo "2241"]
[BlackElo "2278"]
[WhiteFideId "2101599"]
[BlackFideId "26095467"]
[EventDate "2025.06.03"]

1. c4 e5 2. g3 Nf6 3. Bg2 d5 4. cxd5 Nxd5 5. Nc3 Nb6 6. Nf3 Nc6 7. d3 Be7 8. O-O
O-O 9. Be3 Be6 10. a3 Nd5 11. Nxd5 Bxd5 12. Rc1 f6 13. b4 a5 14. b5 Nd4 15. Bxd4
exd4 16. a4 b6 17. Qc2 Bc5 18. Nd2 Re8 19. Bxd5+ Qxd5 20. Ne4 Bd6 21. Qc6 Qxc6
22. Rxc6 Be5 23. f4 f5 24. fxe5 fxe4 25. Rxc7 exd3 26. exd3 Rf8 27. Rf4 g5 28.
Rxd4 Rad8 29. Rdd7 Rxd7 30. Rxd7 Rf3 31. d4 Ra3 32. d5 Rxa4 33. e6 Re4 34. e7
Kf7 35. d6 a4 36. Rd8 a3 37. Rf8+ Kg7 38. e8=Q 1-0

[Event "Titled Tue 3rd Jan Late"]
[Site "chess.com INT"]
[Date "2025.06.03"]
[Round "4"]
[White "Senthilkumar, Pranav"]
[Black "Rojas Alarcon, Julian Antonio"]
[Result "0-1"]
[WhiteTitle "CM"]
[BlackTitle "FM"]
[WhiteElo "2061"]
[BlackElo "2365"]
[WhiteFideId "2083477"]
[BlackFideId "5107407"]
[EventDate "2025.06.03"]

1. c4 c6 2. Nf3 Nf6 3. g3 d5 4. b3 Bg4 5. Bg2 Nbd7 6. d4 e6 7. O-O a5 8. Nc3 Be7
9. Bb2 O-O 10. Re1 Qb6 11. e4 dxc4 12. Na4 Qa6 13. bxc4 Qxc4 14. Rc1 Qa6 15. Bf1
Qa7 16. d5 exd5 17. exd5 Bb4 18. dxc6 Bxe1 19. Bd4 Bxf3 20. Bxa7 Bxd1 21. Be3
Bxa4 0-1

[Event "Titled Tue 3rd Jan Late"]
[Site "chess.com INT"]
[Date "2025.06.03"]
[Round "4"]
[White "Diaz Cesar, Wilsaida Pieranlly"]
[Black "Perry, Patrick"]
[Result "0-1"]
[WhiteTitle "WFM"]
[WhiteElo "1892"]
[BlackElo "2296"]
[WhiteFideId "6403557"]
[BlackFideId "30917727"]
[EventDate "2025.06.03"]

1. e4 Nf6 2. e5 Nd5 3. d4 d6 4. c4 Nb6 5. exd6 cxd6 6. Nc3 g6 7. Nf3 Bg7 8. Be3
O-O 9. h3 Nc6 10. Be2 e5 11. d5 Ne7 12. O-O Nd7 13. Rb1 a5 14. b3 Nf5 15. Bg5 f6
16. Bc1 Nc5 17. Qc2 Ne7 18. Nb5 Bf5 19. Qb2 Bxb1 20. Qxb1 Qd7 21. Ba3 b6 22. Nd2
f5 23. b4 axb4 24. Qxb4 Ra4 25. Qb2 Rfa8 26. Bxc5 Rxa2 27. Qb3 bxc5 28. Nb1 Rxe2 0-1

[Event "Titled Tue 3rd Jan Late"]
[Site "chess.com INT"]
[Date "2025.06.03"]
[Round "4"]
[White "Medina Paz, Miguel"]
[Black "Erzhanov, Arman"]
[Result "1-0"]
[WhiteTitle "IM"]
[BlackTitle "FM"]
[WhiteElo "2368"]
[BlackElo "2136"]
[WhiteFideId "7300379"]
[BlackFideId "4138821"]
[EventDate "2025.06.03"]

1. d4 d5 2. c4 e6 3. Nf3 a6 4. cxd5 exd5 5. Nc3 Nf6 6. Bg5 Be6 7. e3 Nbd7 8. Bd3
c6 9. Ne5 h6 10. Bh4 Be7 11. f4 Nxe5 12. fxe5 Ng4 13. Bxe7 Qxe7 14. Qf3 Qh4+ 15.
g3 Qg5 16. Qf4 Nxe3 17. Kd2 Nf5 18. Bxf5 Bxf5 19. Rhf1 Bh3 20. Rf2 Ke7 21. Na4
Rhc8 22. Kc3 Rab8 23. Qxf7+ Kd8 24. Qf8+ Kc7 25. Qd6# 1-0

[Event "Titled Tue 3rd Jan Late"]
[Site "chess.com INT"]
[Date "2025.06.03"]
[Round "4"]
[White "Harvey, Marcus R"]
[Black "Nguyen Hong Nhung"]
[Result "1-0"]
[WhiteTitle "IM"]
[BlackTitle "WFM"]
[WhiteElo "2447"]
[BlackElo "2197"]
[WhiteFideId "400092"]
[BlackFideId "12412201"]
[EventDate "2025.06.03"]

1. c4 c5 2. Nf3 Nf6 3. d4 cxd4 4. Nxd4 Nc6 5. Nc3 e6 6. Nc2 Bc5 7. e3 O-O 8. a3
a6 9. b4 Ba7 10. Bb2 d5 11. cxd5 exd5 12. Ne2 Bg4 13. h3 Bxe2 14. Bxe2 Re8 15.
Nd4 Ne4 16. O-O Qf6 17. Rc1 Nxd4 18. Bxd4 Bxd4 19. Qxd4 Qxd4 20. exd4 Nd2 21.
Rfe1 Rac8 22. Rxc8 Rxc8 23. Bg4 Rb8 24. Re7 g6 25. Rd7 f5 26. Bf3 Nxf3+ 27. gxf3
Rc8 28. Rxb7 Rc3 29. a4 Rxf3 30. a5 Rd3 31. b5 axb5 32. a6 Rxd4 33. a7 Ra4 34.
Rb8+ Kf7 35. a8=Q Rxa8 36. Rxa8 Ke6 37. Rb8 Ke5 38. Rxb5 Ke4 39. Rb7 h5 40. Rg7
d4 41. Rxg6 f4 42. Kg2 Kd3 43. Kf3 Kc2 44. Rc6+ Kd2 45. Rd6 d3 46. Ke4 1-0

[Event "Titled Tue 3rd Jan Late"]
[Site "chess.com INT"]
[Date "2025.06.03"]
[Round "4"]
[White "Niemann, Hans Moke"]
[Black "Madaminov, Mukhiddin"]
[Result "1-0"]
[WhiteTitle "GM"]
[BlackTitle "GM"]
[WhiteElo "2736"]
[BlackElo "2520"]
[WhiteFideId "2093596"]
[BlackFideId "14210703"]
[EventDate "2025.06.03"]

1. e4 c5 2. Nf3 d6 3. Bb5+ Nd7 4. Ba4 Nf6 5. O-O e6 6. c4 Be7 7. Nc3 O-O 8. d3
b6 9. Qe2 Bb7 10. Ne1 Ne8 11. f4 Nc7 12. Nf3 f5 13. Bd2 a6 14. Rae1 Bf6 15. Kh1
Kh8 16. h3 h6 17. Qf2 b5 18. Bc2 b4 19. Na4 a5 20. Qg3 Bc6 21. b3 Rb8 22. exf5
exf5 23. Qg6 Kg8 24. d4 Rf7 25. d5 Bxa4 26. bxa4 Nf8 27. Qg3 Qd7 28. Ne5 dxe5
29. fxe5 Bxe5 30. Rxe5 Re8 31. Rexf5 Rxf5 32. Bxf5 Qxa4 33. Bxh6 Re7 34. d6 Rf7
35. Bh7+ Nxh7 36. Rxf7 Qd1+ 37. Kh2 Ne6 38. Rxg7+ 1-0

[Event "Titled Tue 3rd Jan Late"]
[Site "chess.com INT"]
[Date "2025.06.03"]
[Round "4"]
[White "Sjugirov, Sanan"]
[Black "Mendes Aaron Reeve"]
[Result "1-0"]
[WhiteTitle "GM"]
[BlackTitle "IM"]
[WhiteElo "2638"]
[BlackElo "2335"]
[WhiteFideId "4189302"]
[BlackFideId "25954938"]
[EventDate "2025.06.03"]

1. e4 d6 2. d4 Nd7 3. Nf3 c5 4. c3 g6 5. Bd3 Bg7 6. O-O cxd4 7. cxd4 e5 8. dxe5
Nxe5 9. Nxe5 Bxe5 10. Nc3 Bg7 11. Bf4 a6 12. Bc4 Ne7 13. Qxd6 O-O 14. Rad1 Bg4
15. f3 Bh5 16. g4 Qc8 17. gxh5 Qxc4 18. Qxe7 Rfe8 19. Qd7 Rac8 20. h6 Bf8 21.
Nd5 Bc5+ 22. Kh1 Red8 23. Nf6+ Kf8 24. Nxh7+ Kg8 25. Nf6+ Kf8 26. Qxd8+ Rxd8 27.
Rxd8+ Ke7 28. Rfd1 Kxf6 29. h7 Qe2 30. h8=Q+ Ke7 31. Re8# 1-0

[Event "Titled Tue 3rd Jan Late"]
[Site "chess.com INT"]
[Date "2025.06.03"]
[Round "4"]
[White "Sarana, Alexey"]
[Black "Wael Sabry, Mina"]
[Result "1-0"]
[WhiteTitle "GM"]
[BlackTitle "FM"]
[WhiteElo "2686"]
[BlackElo "2094"]
[WhiteFideId "24133795"]
[BlackFideId "10670173"]
[EventDate "2025.06.03"]

1. e4 c5 2. Nf3 d6 3. d4 cxd4 4. Nxd4 Nf6 5. Nc3 a6 6. Be2 e5 7. Nb3 Be7 8. O-O
O-O 9. Qd3 Be6 10. Rd1 Qc7 11. Bd2 b5 12. a4 b4 13. Nd5 Bxd5 14. exd5 a5 15. c3
Nbd7 16. cxb4 axb4 17. Bxb4 Rfb8 18. Be1 Qb7 19. Ra3 Nb6 20. Na5 Qxd5 21. Qxd5
Nbxd5 22. Bb5 Rb6 23. b4 Nc7 24. Nc4 Rbb8 25. Bc6 Ra7 26. Rb3 Ne6 27. a5 Nd4 28.
Rxd4 exd4 29. b5 Rc7 30. a6 d5 31. Na5 Bc5 32. Nb7 Re7 33. Kf1 Nd7 34. Bxd7 Rxd7
35. Nxc5 Rc7 36. Nd3 1-0

[Event "Titled Tue 3rd Jan Late"]
[Site "chess.com INT"]
[Date "2025.06.03"]
[Round "4"]
[White "Brancaleoni, Maurizio"]
[Black "Zlatkov, Anton"]
[Result "0-1"]
[WhiteTitle "FM"]
[BlackTitle "FM"]
[WhiteElo "2185"]
[BlackElo "2322"]
[WhiteFideId "803022"]
[BlackFideId "15005402"]
[EventDate "2025.06.03"]

1. Nf3 Nf6 2. c4 g6 3. b4 Bg7 4. Bb2 O-O 5. e3 c6 6. d4 d5 7. Nbd2 Bf5 8. Be2 a5
9. b5 cxb5 10. cxb5 a4 11. Ba3 Nbd7 12. O-O Re8 13. Rc1 Qa5 14. h3 Nb6 15. Ne5
Ne4 16. Nxe4 Bxe4 17. Qe1 Bxe5 18. Qxa5 Rxa5 19. dxe5 Nc4 20. Bxc4 dxc4 21. b6
Bd3 22. Rfd1 Rxe5 23. Bb2 Rb5 24. Bd4 e5 25. Bc3 Rxb6 26. Rd2 f6 27. f3 Kf7 28.
e4 Ke6 29. Kf2 f5 30. exf5+ gxf5 31. Re1 Kd5 32. f4 e4 33. Ke3 Rg6 34. Kf2 Reg8
35. Rg1 b5 36. g3 e3+ 37. Kxe3 Rxg3+ 38. Rxg3 Rxg3+ 39. Kf2 Rxh3 40. Kg2 Re3 41.
Kf2 Ke4 42. Be5 b4 43. Bd6 b3 0-1

[Event "Titled Tue 3rd Jan Late"]
[Site "chess.com INT"]
[Date "2025.06.03"]
[Round "4"]
[White "Ismagilov, Damir"]
[Black "Kilic, Eray"]
[Result "0-1"]
[WhiteTitle "CM"]
[BlackTitle "IM"]
[WhiteElo "2173"]
[BlackElo "2469"]
[WhiteFideId "34199982"]
[BlackFideId "44517173"]
[EventDate "2025.06.03"]

1. d4 Nf6 2. c4 e6 3. Nc3 Bb4 4. g3 Ne4 5. Qc2 f5 6. Bg2 O-O 7. Nf3 d5 8. O-O c6
9. h4 Nd7 10. Bf4 Ndf6 11. Ne5 Bd6 12. c5 Bc7 13. e3 h6 14. Nxe4 Nxe4 15. h5 Bd7
16. f3 Nf6 17. g4 Be8 18. Bh3 fxg4 19. fxg4 Qe7 20. Ng6 Bxg6 21. Qxg6 Bxf4 22.
exf4 Ne4 23. g5 hxg5 24. Bxe6+ Kh8 25. Bf5 Rxf5 26. Qxf5 Rf8 27. Qg4 Qf6 28.
fxg5 Qxd4+ 29. Kg2 Qd2+ 30. Kh3 Nf2+ 31. Rxf2 Qxf2 32. Rg1 Qxc5 33. h6 g6 34.
Qg3 Qd4 35. Re1 Rf7 36. Qe5+ Qxe5 37. Rxe5 Kh7 38. Kg4 Rd7 39. b4 d4 40. Re2 d3
41. Rd2 Rd5 42. Kf4 a6 43. a4 b6 44. Ke4 Rxg5 45. Rxd3 Kxh6 46. Rd6 Rg4+ 47. Ke5
Rxb4 48. Rxc6 a5 49. Rd6 Kg5 0-1

[Event "Titled Tue 3rd Jan Late"]
[Site "chess.com INT"]
[Date "2025.06.03"]
[Round "4"]
[White "Sairam, Pranav"]
[Black "Ivashentseva, Dominika"]
[Result "0-1"]
[BlackTitle "WCM"]
[WhiteElo "2015"]
[BlackElo "1921"]
[WhiteFideId "30951330"]
[BlackFideId "34331050"]
[EventDate "2025.06.03"]

1. Nf3 d5 2. b3 Nf6 3. Bb2 c5 4. e3 Nc6 5. d4 e6 6. Nbd2 Be7 7. Bd3 b6 8. O-O
O-O 9. Ne5 Bb7 10. f4 cxd4 11. exd4 Nxe5 12. fxe5 Ne4 13. Qe2 Nxd2 14. Qxd2 f5
15. exf6 Bxf6 16. Rae1 Qd6 17. Qe2 Rae8 18. Rf3 Rf7 19. Rh3 g6 20. Rf1 Bc8 21.
Rh6 Qf8 22. Qd2 Qg7 23. c4 Bxd4+ 24. Bxd4 Qxd4+ 25. Rf2 Rxf2 26. Qxf2 Qxd3 0-1

[Event "Titled Tue 3rd Jan Late"]
[Site "chess.com INT"]
[Date "2025.06.03"]
[Round "4"]
[White "Mahdavi, Reza"]
[Black "Ghoreishi Amiri, Seyed Kian"]
[Result "1-0"]
[WhiteTitle "IM"]
[BlackTitle "CM"]
[WhiteElo "2445"]
[BlackElo "2215"]
[WhiteFideId "12595926"]
[BlackFideId "36757527"]
[EventDate "2025.06.03"]

1. e4 e6 2. d4 d5 3. e5 c5 4. c3 Nc6 5. Nf3 Qb6 6. a3 Nh6 7. Bd3 cxd4 8. O-O Bd7
9. b4 Nf5 10. Bxf5 exf5 11. cxd4 Be6 12. Nc3 Be7 13. Qd3 O-O 14. Na4 Qd8 15. Bd2
Rc8 16. Rac1 Rc7 17. b5 Nb8 18. Rxc7 Qxc7 19. Rc1 Qd8 20. Nc5 b6 21. Nxe6 fxe6
22. a4 Qd7 23. Qc2 Rd8 24. Bg5 Bxg5 25. Nxg5 h6 26. Nf3 a6 27. Qc7 axb5 28. axb5
Qxc7 29. Rxc7 Nd7 30. h4 Kf7 31. Ne1 Ke8 32. Nd3 g5 33. h5 Ra8 34. Nb4 Ra5 35.
Rc8+ Kf7 36. Rc7 Ke8 37. Rc6 Ke7 38. Rd6 Rxb5 39. Nc6+ Ke8 40. Rxe6+ Kf7 41.
Re7+ 1-0

[Event "Titled Tue 3rd Jan Late"]
[Site "chess.com INT"]
[Date "2025.06.03"]
[Round "4"]
[White "Ferriz Barrios, Andres"]
[Black "Chelly, Yahya"]
[Result "1-0"]
[WhiteTitle "FM"]
[BlackTitle "CM"]
[WhiteElo "2102"]
[BlackElo "2039"]
[WhiteFideId "5104467"]
[BlackFideId "5516200"]
[EventDate "2025.06.03"]

1. d4 d5 2. c4 e6 3. Nc3 Nf6 4. Bg5 Be7 5. cxd5 exd5 6. e3 O-O 7. Bd3 c6 8. Nge2
Nbd7 9. Qc2 Re8 10. O-O h6 11. Bh4 Nf8 12. f3 c5 13. b3 cxd4 14. Nxd4 a6 15. Bf2
Ne6 16. Nf5 Bf8 17. e4 dxe4 18. Nxe4 Nxe4 19. Bxe4 Qa5 20. Rad1 Nc5 21. Bd5 Ne6
22. Be4 Nc5 23. Bd5 Ne6 24. Rfe1 Bb4 25. Re4 Bf8 26. Rg4 Kh8 27. Nxh6 gxh6 28.
Bxe6 Rxe6 29. Bd4+ f6 30. Qg6 Qg5 31. Rxg5 hxg5 32. Bxf6+ 1-0

[Event "Titled Tue 3rd Jan Late"]
[Site "chess.com INT"]
[Date "2025.06.03"]
[Round "4"]
[White "Cornelisse, Lorelei"]
[Black "Shapiro, Daniel"]
[Result "1-0"]
[WhiteTitle "WFM"]
[BlackTitle "FM"]
[WhiteElo "2132"]
[BlackElo "2284"]
[WhiteFideId "1087177"]
[BlackFideId "2001780"]
[EventDate "2025.06.03"]

1. d4 Nf6 2. Nc3 d5 3. Bf4 a6 4. e3 e6 5. g4 Bd6 6. Bxd6 cxd6 7. g5 Ne4 8. Nxe4
dxe4 9. Qg4 d5 10. Ne2 Nc6 11. Bg2 Qa5+ 12. c3 Qb5 13. Ng3 Qxb2 14. O-O Qxc3 15.
Nh5 Kf8 16. Qf4 Qb4 17. f3 Qe7 18. fxe4 dxe4 19. Bxe4 e5 20. dxe5 Nxe5 21. Rad1
Bg4 22. Rd5 Re8 23. Rxe5 Be6 24. Bd5 Kg8 25. Nf6+ 1-0

[Event "Titled Tue 3rd Jan Late"]
[Site "chess.com INT"]
[Date "2025.06.03"]
[Round "4"]
[White "Yadegar, Radin"]
[Black "Sieciechowicz, Marcin"]
[Result "1-0"]
[WhiteTitle "FM"]
[BlackTitle "IM"]
[WhiteElo "2387"]
[BlackElo "2410"]
[WhiteFideId "42519985"]
[BlackFideId "1130170"]
[EventDate "2025.06.03"]

1. Nc3 d5 2. e4 e6 3. g3 Nf6 4. Bg2 Be7 5. e5 Nfd7 6. d4 c5 7. f4 Nc6 8. Nce2
cxd4 9. Nf3 Qb6 10. Nfxd4 Nxd4 11. Nxd4 O-O 12. O-O Nc5 13. c3 Bd7 14. Qe2 Na4
15. Kh1 Rac8 16. f5 exf5 17. Nxf5 Bxf5 18. Rxf5 d4 19. cxd4 Qxd4 20. Be3 Qxb2
21. Qxb2 Nxb2 22. Bxb7 Rcd8 23. Raf1 Nc4 24. Bg1 g6 25. R5f4 Nxe5 26. Ra4 Rd7
27. Rxa7 Rfd8 28. Bg2 Nc4 29. Rxd7 Rxd7 30. a4 Rd2 31. Rc1 Ne5 32. a5 Ra2 33.
Bb6 Nd3 34. Rf1 1-0

[Event "Titled Tue 3rd Jan Late"]
[Site "chess.com INT"]
[Date "2025.06.03"]
[Round "4"]
[White "Mekhitarian, Krikor Sevag"]
[Black "Qin, Kevin"]
[Result "0-1"]
[WhiteTitle "GM"]
[WhiteElo "2564"]
[BlackElo "2017"]
[WhiteFideId "2107660"]
[BlackFideId "2627949"]
[EventDate "2025.06.03"]

1. Nf3 d6 2. d4 Bg4 3. c4 e5 4. dxe5 Nc6 5. exd6 Bxd6 6. Nc3 Nf6 7. Bg5 h6 8.
Bh4 Qe7 9. Qa4 O-O-O 10. O-O-O g5 11. Bg3 Bxg3 12. hxg3 Bf5 13. Rxd8+ Rxd8 14.
Rxh6 Ne4 15. Nd5 Qc5 16. Rxc6 bxc6 17. Ne3 Nxf2 18. Nxf5 Rd1+ 19. Kc2 Qxf5+ 20.
Kb3 Rxf1 21. Qxc6 Qe4 22. Qf6 Rc1 23. Ne5 Nd1 24. Qe7 Qb7+ 25. Ka3 Qxb2+ 26. Ka4
Nc3+ 27. Ka5 Qb6# 0-1

[Event "Titled Tue 3rd Jan Late"]
[Site "chess.com INT"]
[Date "2025.06.03"]
[Round "4"]
[White "Ozalp, Burak"]
[Black "Kleimenov, Nikolay"]
[Result "0-1"]
[WhiteTitle "CM"]
[BlackTitle "CM"]
[WhiteElo "2059"]
[BlackElo "2198"]
[WhiteFideId "6314210"]
[BlackFideId "34414223"]
[EventDate "2025.06.03"]

1. d4 Nf6 2. Nc3 d5 3. Bg5 c5 4. e4 Nxe4 5. Nxe4 dxe4 6. d5 Nd7 7. f3 exf3 8.
Nxf3 Nf6 9. Bb5+ Bd7 10. Be2 h6 11. Bh4 g5 12. Bg3 Bg7 13. O-O O-O 14. Kh1 Ng4
15. Nxg5 hxg5 16. Bxg4 f5 17. Bf3 f4 18. Bf2 Rc8 19. c3 Bf5 20. Re1 Qd7 21. Be4
Bxe4 22. Rxe4 c4 23. Qh5 Qxd5 24. Rae1 Rce8 25. Bd4 e5 26. Qxg5 f3 27. Bxe5 Rxe5
28. Rxe5 f2 29. Rf1 Qxe5 30. Qh4 Qe2 31. Qxc4+ Qxc4 0-1

[Event "Titled Tue 3rd Jan Late"]
[Site "chess.com INT"]
[Date "2025.06.03"]
[Round "4"]
[White "Tatarinov, Dmitry"]
[Black "Hoeffer, David"]
[Result "1-0"]
[WhiteTitle "FM"]
[BlackTitle "FM"]
[WhiteElo "2344"]
[BlackElo "2295"]
[WhiteFideId "24160067"]
[BlackFideId "24606766"]
[EventDate "2025.06.03"]

1. d4 d5 2. c4 Nc6 3. cxd5 Qxd5 4. e3 e5 5. Nc3 Bb4 6. Bd2 Bxc3 7. bxc3 Nf6 8.
Nf3 Qd6 9. Bb5 O-O 10. O-O e4 11. Ne1 Ng4 12. g3 Qh6 13. h4 Ne7 14. Be2 Qg6 15.
Ng2 h5 16. Nf4 Qh6 17. Rb1 c6 18. c4 f6 19. Bb4 Re8 20. Bxe7 Rxe7 21. d5 g5 22.
dxc6 gxf4 23. cxb7 Bxb7 24. Rxb7 Rxb7 25. Qd5+ Kh8 26. Qxb7 Re8 27. exf4 e3 28.
f3 Nf2 29. Qf7 Rg8 30. Kh2 a5 31. Rb1 Qh7 32. Qxh7+ Kxh7 33. Rb7+ Kg6 34. Re7
Rd8 35. Rxe3 Rd2 36. Kg2 Nd1 37. Re7 Nc3 38. Kf1 Nxa2 39. Ke1 Rb2 40. Bd3+ f5
41. Re6+ Kf7 42. Bxf5 Nb4 43. c5 a4 44. Re2 Rb3 45. Be6+ Kf6 46. Bxb3 axb3 47.
Kd1 Nd3 48. c6 1-0

[Event "Titled Tue 3rd Jan Late"]
[Site "chess.com INT"]
[Date "2025.06.03"]
[Round "4"]
[White "Navoyan, Gagik"]
[Black "Calvo Gonzalez, Jose Felix"]
[Result "1-0"]
[WhiteTitle "CM"]
[BlackTitle "CM"]
[WhiteElo "2186"]
[BlackElo "2168"]
[WhiteFideId "13314866"]
[BlackFideId "54505615"]
[EventDate "2025.06.03"]

1. e4 c5 2. Nf3 d6 3. d4 cxd4 4. Nxd4 Nf6 5. Nc3 a6 6. Bc4 e6 7. Bb3 b5 8. Bg5
Be7 9. O-O O-O 10. Re1 Qc7 11. f4 b4 12. Na4 Bb7 13. Qd3 Nbd7 14. f5 Nc5 15.
Nxc5 dxc5 16. e5 Nd5 17. f6 gxf6 18. Bh6 Kh8 19. Bxf8 Rxf8 20. Nf3 fxe5 21. Nxe5
Bf6 22. Bxd5 Bxd5 23. Qg3 Qe7 24. Qf4 Rg8 25. g3 Rf8 26. Rf1 Bxe5 27. Qxe5+ f6
28. Qe3 c4 29. Rae1 Qd6 30. Qh6 Bb7 31. Re3 Qd4 1-0